[Event "CRO-chT3 West"]
[Site "Croatia"]
[Date "2020.10.11"]
[Round "6.6"]
[White "Imgrund, Danijel"]
[Black "Bestulic, Eros Nicholas"]
[Result "1-0"]
[WhiteElo "1828"]
[BlackElo "1652"]
[PlyCount "71"]
[EventDate "2020.09.12"]
[EventType "team-tourn"]
[EventRounds "9"]
[EventCountry "CRO"]
[SourceTitle "EXT 2022"]
[Source "ChessBase"]
[SourceDate "2021.10.06"]
[SourceVersion "1"]
[SourceVersionDate "2021.10.06"]
[SourceQuality "1"]
[WhiteTeam "Delnice"]
[BlackTeam "Porec Gortan II"]
[WhiteTeamCountry "CRO"]
[BlackTeamCountry "CRO"]

1. e4 e5 2. Nf3 Nc6 3. Bb5 Nge7 4. c3 d6 5. d4 Bd7 6. d5 Nb8 7. Bd3 a6 8. b3 c6 9. c4 cxd5 10. cxd5 f5 11. 0-0 Nxd5 12. exf5 Nf6 13. Nbd2 Bc6 14. Re1 Nbd7 15. b4 Be7 16. Ng5 a5 17. Ne6 Qb6 18. Nxg7+ Kf7 19. Nh5 Qxb4 20. Nxf6 Nxf6 21. Rb1 Qh4 22. Nf3 Qg4 23. Ng5+ Ke8 24. Qxg4 Nxg4 25. f3 Nf6 26. Bb5 Nd7 27. Ne6 Rc8 28. Bxc6 bxc6 29. Rb7 c5 30. g4 h6 31. f4 Nf6 32. fxe5 dxe5 33. Rxe5 Nxg4 34. Ng7+ Kf7 35. Rexe7+ Kf6 36. Re6# 1-0